Statistics for Movie Characters by Last Name #1

Click here to take the quiz!

General Stats

  • This quiz has been taken 36,514 times
    (36,494 since last reset)
  • The average score is 15 of 27

Answer Stats

First NameLast Name% Correct
JamesBond
100%
ForrestGump
96%
BuzzLightyear
92%
JackSparrow
90%
AustinPowers
88%
RockyBalboa
84%
HannibalLecter
83%
AceVentura
80%
JasonBourne
79%
FreddyKrueger
76%
DonnieDarko
66%
RonBurgundy
65%
NapoleonDynamite
63%
NormanBates
62%
HappyGilmore
61%
MikeWazowski
58%
JacquesClouseau
39%
AndyDufresne
33%
PeterVenkman
32%
SteveStifler
32%
InigoMontoya
31%
EllenRipley
29%
JakeLaMotta
28%
BiffTannen
24%
JeffLebowski
17%
LloydChristmas
14%
DannyNoonan
11%

Score Distribution

Percentile by Number Answered

Percent of People with Each Score

Your Score History

You have not taken this quiz since the last reset